101 hướng dẫn thiết thực chăm sóc thai sản
Sách nêu ra 101 hướng dẫn cách chăm sóc thai nhi, tập luyện cơ thể cho bà mẹ sau khi sinh
Spremljeno u:
| Format: | Knjiga |
|---|---|
| Jezik: | Undetermined |
| Izdano: |
Thành phố Hồ Chí Minh
Đà Nẵng
2006
|
| Teme: | |
| Oznake: |
Dodaj oznaku
Bez oznaka, Budi prvi tko označuje ovaj zapis!
|
| Thư viện lưu trữ: | Trung tâm Học liệu Trường Đại học Cần Thơ |
|---|
| LEADER | 00760nam a2200205Ia 4500 | ||
|---|---|---|---|
| 001 | CTU_118552 | ||
| 008 | 210402s9999 xx 000 0 und d | ||
| 020 | |c 32000 | ||
| 082 | |a 613.2 | ||
| 082 | |b M458 | ||
| 245 | 0 | |a 101 hướng dẫn thiết thực chăm sóc thai sản | |
| 245 | 0 | |c Saigonbook (Trung tâm biên soạn dịch thuật sách Sài Gòn) | |
| 260 | |a Thành phố Hồ Chí Minh | ||
| 260 | |b Đà Nẵng | ||
| 260 | |c 2006 | ||
| 520 | |a Sách nêu ra 101 hướng dẫn cách chăm sóc thai nhi, tập luyện cơ thể cho bà mẹ sau khi sinh | ||
| 650 | |a Women,Gynecology | ||
| 650 | |x Health and hygiene | ||
| 904 | |i Năm | ||
| 980 | |a Trung tâm Học liệu Trường Đại học Cần Thơ | ||